000 00851nam a2200253Ia 4500
003 OSt
005 20220926012434.0
006 a|||||r|||| 00| 0
007 ta
008 220923b |||||||| |||| 00| 0 eng d
020 _a9780231154284
_c1510.8800000000001
037 _bB2837, 01/01/2012, The Bookseller
_cGeneral Book
040 _aRTL
_cRTL
_beng
041 _2eng
_aeng
082 _aY9(W).1(X), P9
100 _aJaffrelot Christophe
245 0 _aEmerging states
_b Wellspring of new world order. Tr. from the French by Cynthia Schoch
260 _aNew York
_bColumbia University Press
_c2009
300 _axx, 335p
_ccm.
500 _aBibliography chapterwise
650 _aGeography
942 _hY9(W).1(X), P9
_cGB
_2CC
999 _c622989
_d622989